Normal view
MARC view
- Methodology
Entry Topical Term
001 - CONTROL NUMBER
- control field: 107343
003 - CONTROL NUMBER IDENTIFIER
- control field: NUST
005 - DATE AND TIME OF LATEST TRANSACTION
- control field: 20230123093606.0
008 - FIXED-LENGTH DATA ELEMENTS
- fixed length control field: 230123|| aca||aabn | a|a d
040 ## - CATALOGING SOURCE
- Original cataloging agency: NUST
- Transcribing agency: NUST
150 ## - HEADING--TOPICAL TERM
- Topical term or geographic name entry element: Methodology
670 ## - SOURCE DATA FOUND
- Source citation: Work cat.: (NUST)176868: Koul,Lokesh 450, Methodology of educational research / , 2006
